[Event "110th Anniversary Open 2020"]
[Site "Hilleroed"]
[Date "2020.02.11"]
[Round "5.10"]
[White "Sorensen, Esben Lauge"]
[Black "Lilja, Richard"]
[Result "1/2-1/2"]
[WhiteElo "1943"]
[BlackElo "2123"]
[Annotator "TA"]
[PlyCount "145"]
[EventDate "2020.02.08"]
[EventType "swiss"]
[EventCountry "DEN"]
[SourceTitle "playchess.com"]
[Source "ChessBase"]
[SourceQuality "1"]

{[%evp 19,145,56,83,53,129,134,131,129,191,201,176,113,114,107,110,109,106,105,103,100,106,42,69,68,69,0,0,0,0,0,0,0,0,0,0,0,0,-21,114,112,123,0,0,0,0,0,0,0,0,-6,206,0,0,0,133,-49,-61,-79,-68,-85,-14,-19,0,0,0,0,0,0,0,0,0,0,0,0,0,0,0,0,0,0,-1,-8,0,0,0,3,33,-8,-8,-8,-8,-8,-8,-8,-8,-8,-8,-8,-7,-7,0,0,0,0,0,0,0,0,0,0,0,0,0,0,0,-8,-8,-8,-8,-8,-8,-8,-8,-8,-8,-8,0,0]} 1. d4 Nf6 2. c4 g6 3. Nc3 Bg7 4. e4 d6 5. Nge2 O-O 6. f3 c5 7. Be3 Nc6 8. Qd2 b6 9. d5 Ne5 10. Ng3 h5 11. Be2 {E82: King's Indian: Sämisch: 6...b6.} Kh7 (11... h4 $14) 12. h3 $16 Ba6 13. b3 {[#] White is clearly better.} Rh8 $146 (13... Bb7 $16) ({Predecessor:} 13... Ne8 14. O-O e6 15. f4 Nd7 16. Bd3 exd5 17. exd5 f5 18. a4 Bc8 19. Rfe1 a5 {½-½ (47) Motuz,K (2350)-Klemanic,E (2295) Slovakia 2001}) 14. f4 $1 $18 {[%cal Rf4e5]} Ned7 {[#] With the idea ...h4.} 15. Bf3 ({Better is} 15. e5 $1 $18 {[%mdl 512]}) 15... Rb8 16. Rc1 b5 17. cxb5 Bxb5 18. Nxb5 Rxb5 19. O-O Qb8 20. Rc2 ({White should play} 20. Qd3 $16) 20... Rb4 21. Qd3 a5 22. e5 (22. Bd2 $14) 22... dxe5 $11 23. f5 e4 24. fxg6+ fxg6 25. Nxe4 Nxe4 26. Bxe4 Ne5 27. Bxg6+ $1 Nxg6 28. Rf5 Bd4 (28... Qg3 $11 29. Rxc5 (29. Rg5 Qxe3+ {[%mdl 64] Remove Defender} 30. Qxe3 Bd4 $17) 29... Be5) 29. Rf7+ $16 (29. Rxh5+ Kg7 $15) 29... Bg7 30. Bxc5 (30. Rxc5 $16 Qe5 31. d6 (31. Rxa5 Rc8 $15) (31. Rc6 Qe4 $11) 31... Qxd6 32. Qc3 Qd1+ 33. Kh2 Qd6+ 34. g3) 30... Rf4 $11 31. Rxe7 Rhf8 $36 {[%mdl 2048] Black has good play.} 32. Rxg7+ Kxg7 33. Bxf8+ Nxf8 34. d6 {Black must now prevent Rc7+.} Ne6 $2 {[#]} (34... Qa7+ $11 {and Black is okay.} 35. Kh2 Qd4 36. Qxd4+ Rxd4) 35. Qg3+ $2 (35. Rc7+ $1 $18 {[%mdl 512]} Kf6 (35... Nxc7 36. Qg3+) 36. Rh7) 35... Kf6 36. Qc3+ Kf7 (36... Rd4 $11 {keeps the balance.}) 37. Qc6 $2 ({Resist} 37. Qxa5 $6 Qxd6 38. Qxh5+ Kg7 $11) (37. Qe5 $16 Rf6 38. Rd2 (38. Qxh5+ Kg7 $16)) 37... Qa7+ $15 38. Kh2 Rf1 39. Qe4 $1 {[%cal Re4h7] [#] And now Qh7+ would win.} Qg1+ (39... Kf6 $1 $17 40. d7 (40. Re2 Qg1+ 41. Kg3 Nd4 $17) 40... Qxd7 41. Qh4+ (41. Rc6 Rf5 $17) 41... Ng5 42. Rf2+ Rxf2 43. Qxf2+ Qf5 44. Qd4+ Kf7) 40. Kg3 $11 h4+ 41. Qxh4 Qe3+ 42. Kh2 Qe5+ 43. g3 Qxd6 44. Qh5+ Ke7 45. Qh4+ Kf7 {Hoping for ...Qd5.} 46. Qh5+ Kg7 47. Qg4+ Kf8 48. Qe2 Rf6 49. Qe3 Nd4 50. Rf2 Nf5 51. Qf4 Qxf4 52. Rxf4 {[%mdl 4096] Endgame Threatens to win with g4. KRN-KR} Ke7 (52... Kg7 {with more complications.} 53. g4 Ne7 54. Kg3 Rd6 55. Ra4 Ng6) 53. a3 Nd6 {The position is equal.} 54. Rxf6 Kxf6 {KN-KP} 55. Kg2 Nb5 56. Kf3 Nxa3 {KN-K3P} 57. Ke4 Ke6 58. g4 Nb5 59. h4 a4 60. bxa4 Nc3+ 61. Kf4 {Strongly threatening a5.} (61. Kd3 {seems wilder.} Nxa4 62. Kd4 Nb6 63. Ke3 Nc4+ 64. Kf4) 61... Nxa4 {KN-KPP} 62. Kg5 Kf7 63. Kh6 Nc5 64. Kh7 Nd7 65. g5 Nf8+ 66. Kh6 Kg8 67. h5 Ne6 68. Kg6 Nf4+ 69. Kh6 Kh8 70. g6 Ne6 71. g7+ Nxg7 72. Kg6 Nxh5 73. Kxh5 {Accuracy: White = 80%, Black = 76%.} 1/2-1/2

[Event "110th Anniversary Open 2020"]
[Site "Hilleroed"]
[Date "2020.02.11"]
[Round "5.11"]
[White "Petersen, Peter Birk"]
[Black "Ramkilde, Mikael"]
[Result "0-1"]
[WhiteElo "2117"]
[BlackElo "1951"]
[Annotator "TA"]
[PlyCount "63"]
[EventDate "2020.02.08"]
[EventType "swiss"]
[EventCountry "DEN"]
[SourceTitle "playchess.com"]
[Source "ChessBase"]
[SourceQuality "1"]

{[%evp 18,63,12,11,24,3,25,35,71,74,62,58,88,84,76,64,66,49,109,101,126,122,132,128,150,136,175,190,166,171,200,168,160,171,215,219,252,167,169,173,738,731,1283,1272,1234,858,1314,1269]} 1. e4 c5 2. Nf3 d6 3. d4 cxd4 4. Nxd4 Nf6 5. Nc3 a6 6. Be3 e5 7. Nf3 Be7 8. Bc4 O-O 9. O-O Be6 10. Bb3 b5 $1 {[%mdl 4] is currently scoring better than 10...Nc6. B90: Sicilian Najdorf: Unusual White 6th moves, 6 Be3 Ng4 and 6 Be3 e5.} 11. Qe2 Nc6 12. Rfd1 {[#]} Bg4 $146 {White is slightly better.} ({Predecessor:} 12... Rc8 13. a4 b4 14. Nd5 Bxd5 15. exd5 Na5 16. Qxa6 Nd7 17. Qb5 Rb8 18. Qe2 Qc7 {1-0 (49) Andriasian,Z (2594)-Ter Sahakyan,S (2604) Yerevan 2016}) 13. Nd5 Nxd5 14. Bxd5 Rc8 15. c3 Na5 16. h3 Bd7 17. a4 Nc4 (17... bxa4 $14 18. Qxa6 Nb3) 18. axb5 $16 Nxe3 19. Qxe3 ({Resist} 19. fxe3 axb5 20. Ra7 Rc7 $14) 19... axb5 20. Ra7 {[%cal Ba1a7,Ba7b7,Bb7b5,Bb5a5,Ba5a8,Ba8b8][%mdl 32]} Kh8 21. Rda1 Bc6 22. Bxc6 Rxc6 23. Rb7 Rc7 24. Rxb5 Qd7 25. Rba5 f5 26. Ra8 Bd8 27. Rb8 Rb7 {[#]} 28. Raa8 $1 Qc7 $2 (28... Rxb8 29. Rxb8 Qc7) 29. Rc8 $18 {White is clearly winning.} Qd7 {[#]} 30. Qg5 $1 {[%cal Rc8d8][%mdl 576] Pin} h6 (30... Bxg5 31. Rxf8#) 31. Qxd8 Qxd8 32. Rxd8 {[%mdl 32768] Accuracy: White = 73%, Black = 39%. . Loss on time!?} 0-1